| 000 | 005090000a22001930004500 | ||
|---|---|---|---|
| 001 | 002252 | ||
| 003 | MACL | ||
| 005 | 20150816145014.0 | ||
| 008 | 150816b xxu||||| |||| 00| 0 eng d | ||
| 040 |
_aMACL _cMACL |
||
| 041 | _aEnglish | ||
| 082 | _a520.09/BAS | ||
| 100 |
_aBasu, Biman _95860 |
||
| 245 |
_aCosmic Vistas _bA Popular History of Astronomy _cBiman Basu |
||
| 260 |
_aNew Delhi _c2002 _bNational Book Trust, |
||
| 350 | _a65 | ||
| 650 |
_aAstronomy& allied Science _95877 |
||
| 942 |
_k520 _cBK _2ddc |
||
| 999 |
_c14165 _d14165 |
||